El misterio del colegio embrujado / (Registro nro. 12762)

Detalles MARC
000 -LIDER
fixed length control field 00821nam a22002537a 4500
003 - IDENTIFICACDOR DE NÚMERO DE CONTROL
control field DO-SdBNP
005 - DATE AND TIME OF LATEST TRANSACTION
control field 20240412111452.0
008 - ELEMENTOS DE LONGITUD FIJA
fixed length control field 161107b2009 sp a 00| 0 spa d
020 ## - ISBN
International Standard Book Number 9788426348531
040 ## - FUENTE DE CATALOGACIÓN
Agencia que crea de manera original el registro BPMSU
Idioma de catalogación spa
Agencia que realiza la transcripción BPMSU
082 #4 - NÚMERO DE CLASIFICACIÓN DECIMAL DE DEWEY
Classification number 863.6
Item number C112m 2009
Edition number 22
100 1# - ASIENTO PRINCIPAL -- NOMBRE PERSONAL
Nombre personal Cabal, Ulises
245 10 - MENCIÓN DE TITULO
Título El misterio del colegio embrujado /
Mención de responsabilidad Ulises Cabal ; ilustrado por Gabriel Hernández Walta.
250 ## - MENCIÓN DE EDICION
Mención de edición 2ª ed., 34a. reimpresión
260 ## - PUBLICACIÓN, DISTRIBUCIÓN, ETC. (PIE DE IMPRENTA)
Lugar de publicación, distribución, etc Zaragoza, España :
Nombre del editor, distribuidor, etc. Edelvives,
Fecha de publicación, distribución, etc 2009.
300 ## - DESCRIPCIÓN FÍSICA
Extensión 139 p. :
Otros detalles físicos il. ;
Dimensiones 21 cm.
490 0# - MENCIÓN DE SERIES
Mención de serie Ala delta,
Volume/sequential designation 12
521 ## - TARGET AUDIENCE NOTE
Target audience note A partir de 10 años.
590 ## - NOTA LOCAL
Texto de la nota local Inventariado, 2024/VM
650 #4 - ENCABEZAMIENTO DE MATERIA--TEMÁTICO
Término temático o nombre geográfico como elemento de entrada Cuentos infantiles españoles
Subdivisión cronológica Siglo XX.
700 1# - ASIENTO SECUNDARIO -- NOMBRE PERSONAL
Nombre personal Hernández Walta, Gabriel
Mención de responsabilidad il.
910 ## - VALIDACIÓN
Validación VMateo V. Control de calidad. BPMSU
942 ## - ADDED ENTRY ELEMENTS (KOHA)
Source of classification or shelving scheme Dewey Decimal Classification
Koha item type Libros
Existencias
Withdrawn status Lost status Source of classification or shelving scheme Damaged status Not for loan Collection code Home library Current library Date acquired Source of acquisition Total Checkouts Full call number Barcode Date last seen Price effective from Koha item type
    Dewey Decimal Classification     Colección Infantil General Biblioteca Pública Metropolitana Salomé Ureña Biblioteca Pública Metropolitana Salomé Ureña 11/03/2017   BPMSU CGJ 863.6 C112m 2009 BPMSU17110045 11/03/2017 11/03/2017 Libros